| 000 | 00579nam a2200193Ia 4500 | ||
|---|---|---|---|
| 005 | 20250508154905.0 | ||
| 008 | 008 250505s9999 xx 000 0 eng d | ||
| 037 | _aTextual | ||
| 040 |
_aFEDL _beng _cFEDL |
||
| 041 |
_aeng _2eng |
||
| 084 |
_a158, ROS _qFEDL |
||
| 100 |
_aRosen Geogrge _9766325 |
||
| 245 | 0 | _aMadness in society : Chapters in the historical sociology of mental illness | |
| 260 |
_aLondon, UK _bRoutledge and Kegan Paul _c1968 |
||
| 300 | _ax,337p. | ||
| 650 | _aApplied Psychology | ||
| 942 |
_cTEXL _h158, ROS |
||
| 999 |
_c1352651 _d1352651 |
||